| 000 | 00000nam 2200000zi 4500 |
| 001 | 9.945303 |
| 003 | CaOODSP |
| 005 | 20241119092331 |
| 006 | m o d f |
| 007 | cr mn||||||||| |
| 008 | 241119s1971 onc o f000 0 fre d |
| 040 | |aCaOODSP|bfre|erda|cCaOODSP |
| 043 | |an-cn--- |
| 086 | 1 |aCo41-1/7EF-PDF|zCo41-1/7EF |
| 245 | 00|aCompétence multidisciplinaire en matière de télécommunications. |
| 264 | 1|aOttawa : |bMinistère des communications, |c1971. |
| 300 | |a1 ressource en ligne (177 pages). |
| 336 | |atexte|btxt|2rdacontent/fre |
| 337 | |ainformatique|bc|2rdamedia/fre |
| 338 | |aressource en ligne|bcr|2rdacarrier/fre |
| 490 | 1 |aTélécommission étude ; |v7(e) |
| 500 | |aPublié aussi en anglais sous le titre : Multidisciplinary manpower study. |
| 500 | |aÉdition numérisée de l'imprimé [par Innovation, sciences et développement économique Canada]. |
| 500 | |a« Décembre 1970. » |
| 650 | 6|aCommunication|xÉtude et enseignement|zCanada. |
| 650 | 6|aChefs d'entreprise|xFormation|zCanada. |
| 650 | 6|aTélécommunications|zCanada. |
| 710 | 1 |aMinistère des communications, |eorganisme de publication. |
| 775 | 08|tMultidisciplinary manpower study.|w(CaOODSP)9.945302 |
| 830 | #0|aTélécommission étude ;|v7(e).|w(CaOODSP)9.927948 |
| 856 | 40|qPDF|s2.72 Mo|uhttps://publications.gc.ca/collections/collection_2024/isde-ised/co41-1/Co41-1-7E-fra.pdf |